Kaszubskie miasta według ich zdjęć satelitarnych - Statystyki

Ogólne statystyki
  • Ten quiz został rozwiązany 24 razy
  • Średni wynik to 16 z 26
Statystyki odpowiedzi
Obrazkowy Odpowiedź % Poprawnych
Gdyniô
96%
Sopòt
91%
Hél
87%
Gdùńsk
83%
Pùck
83%
Wiôlgô Wies
78%
Jastarniô
74%
Kòscérzna
74%
Rëmiô
74%
Wejrowò
74%
Réda
70%
Kartuzë
65%
Łeba
65%
Żukòwò
61%
Lãbòrg
57%
Ùskô
57%
Chònice
52%
Człuchòwò
52%
Bëtowò
48%
Miastkò
48%
Słëpskò
48%
Brùsë
39%
Kãpice
35%
Frédląd
30%
Kòbëlnica
26%
Czôrné
9%
Nie znaleziono quizów pasujących do podanych kryteriów
Rozkład punktacji
Procent ludzi z każdym wynikiem
Percentyl według liczby udzielonych odpowiedzi
Twoja historia wyników
Nie rozwiązałeś tego quizu